000 00724nam a2200241Ia 4500
003 OSt
005 20220926013043.0
006 a|||||r|||| 00| 0
007 ta
008 220923b |||||||| |||| 00| 0 eng d
037 _cGeneral Book
040 _aRTL
_cRTL
_beng
041 _2eng
_aeng
082 _aY1:393.73.N6, K0
100 _aSchettler Clarence
_9317787
245 0 _aPublic opinion in American society
260 _aNew York
_bHarper and Row
_c1960
300 _aix, 534p
_ccm.
490 _aHarper's Social Science Series. Ed by F Stuat Chapin
650 _aSocial Communication
_9230136
942 _hY1:393.73.N6, K0
_cGB
_2CC
999 _c625096
_d625096